Statistics for 2000s Movie Quotes Quiz

Click here to take the quiz!

General Stats

  • This quiz has been taken 69,927 times
    (26,479 since last reset)
  • The average score is 10 of 19

Answer Stats

QuoteMovie% Correct
Myyy preciousssThe Lord of the Rings:
The Two Towers
85%
Ogres are like onions Shrek
82%
This is Sparta!300
81%
Just keep swimmingFinding Nemo
76%
Why so serious?The Dark Knight
76%
With great power comes great responsibilitySpider-Man
73%
Spider-Pig, Spider-Pig. Does whatever a Spider-Pig doesThe Simpsons Movie
73%
On Wednesdays we wear pink Mean Girls
66%
Are you not entertained?Gladiator
61%
Ohana means family. Family means nobody gets left behind, or forgottenLilo & Stitch
59%
I'm already pregnant, so what other kind of shenanigans could I get into?Juno
48%
You best start believing in ghost stories Miss Turner. You're in onePirates of the Caribbean:
The Curse of the Black Pearl
36%
Maybe there's more to life than being really, really, really
ridiculously good looking?
Zoolander
35%
Very nice Borat
34%
I love lampAnchorman: The Legend of
Ron Burgundy
31%
Get off my lawnGran Torino
30%
It's pretty much my favorite animal. It's like a lion and a tiger mixed...
bred for its skills in magic
Napoleon Dynamite
30%
I wish I knew how to quit youBrokeback Mountain
23%
You're my boy, Blue!Old School
20%

Score Distribution

Percentile by Number Answered

Percent of People with Each Score

Your Score History

You have not taken this quiz since the last reset